• 首页
  • 本馆介绍
  • 公告通知
  • 最新文献
  • 馆藏检索
  • 电子资源
  • 读者导购
  • 参考咨询
  • 我的图书馆
  • 登录
  • 详细信息显示
  • 放入我的书架
  • 预约/预借图书
  • 作者相关作品
  • 分类相关作品
  • 丛书相关作品
  • 出版社相关作品

书目信息

  • 表格格式
  • 工作单格式
  • 卡片格式
题名:
童谣舞蹈
    
 
作者: 傅凤玲 编著
分册: 6-8岁  
出版信息: 北京   人民音乐出版社  2005
页数: 75页
开本: 27cm
丛书名:
单 册:
中图分类: J722.3
科图分类:
主题词: 儿童歌舞--教材 , 儿童歌舞
电子资源:
ISBN: 7-103-03018-9
000 00873nam0 2200253 450
001 003043517
005 20070806181358.37
010    @a7-103-03018-9@dCNY26.00
100    @a20050720d2005 em y0chiy0110 ea
101 0  @achi
102    @aCN@b110000
105    @aa z 000yy
200 1  @a童谣舞蹈@9tong yao wu dao@h6-8岁@e儿童舞蹈基本训练新教程@f傅凤玲等编著
210    @a北京@c人民音乐出版社@d2005
215    @a75页@d27cm@e1光盘
307    @a附光盘:ISRC CN-M26-05-339-00
330    @a本书的童谣既形象又有趣味,而且内容丰富,孩子们常学常新,接受起来备感兴趣,老师和学生都能轻松愉快地达到学习目的。
517 1  @a儿童舞蹈基本训练新教程@9er tong wu dao ji ben xun lian xin jiao cheng
606 0  @a儿童歌舞@j教材
606 0  @a儿童歌舞
690    @aJ722.3@v4
701  0 @a傅凤玲@9fu feng ling@4编著
801  0 @aCN@bNLC@c20070806
905    @a10447@dJ722.3@e103:(6-8)
    
    童谣舞蹈.6-8岁:儿童舞蹈基本训练新教程/傅凤玲等编著.-北京:人民音乐出版社,2005
    75页;27cm+1光盘
    
    
    ISBN 7-103-03018-9:CNY26.00
    本书的童谣既形象又有趣味,而且内容丰富,孩子们常学常新,接受起来备感兴趣,老师和学生都能轻松愉快地达到学习目的。
●
相关链接 在E读中查询图书 在五车中查询图书 在当当中查询图书 在豆瓣中查询图书


正题名:童谣舞蹈     索取号:J722.3/103:(6-8)         预约/预借

序号 登录号 条形码 馆藏地/架位号 状态 备注
1 0804170   208041705   第一样本阅览室/ [索取号:J722.3/103:(6-8)] 在馆    
2 0804171   208041714   第一借阅区/ [索取号:J722.3/103:(6-8)] 在馆    
3 0804172   208041723   第一借阅区/ [索取号:J722.3/103:(6-8)] 在馆    
4 0804173   208041732   第一借阅区/ [索取号:J722.3/103:(6-8)] 在馆    
5 0804174   208041741   第一借阅区/ [索取号:J722.3/103:(6-8)] 在馆    
6 0804175   208041750   密集书库-音乐系/ [索取号:J722.3/103:(6-8)] 在馆    
唐山师范学院图书馆 欢迎您!
大连网信软件有限公司© 版权所有